02732cam a2200373 i 450000100190000000500170001900800410003601000170007702000180009403500600011203500240017204000620019604100080025804200080026605000230027410000320029724500910032924600640042024600310048424600410051526000560055630000460061249000350065850400510069352012450074465000490198965000680203865000330210670000360213971000530217594200080222895201070223699900150234399110747905210619620250408093824.0240731s2025 maua b 001 0 eng  a 2024027742 a9798892790475 a(OCoLC)1446794188z(OCoLC)1474543592z(OCoLC)1490018412 a(OCoLC)on1446794188 aDLCbengerdacDLCdYDXdBDXdOCLCOdIG#dNLMVDdJASdYDX aeng apcc00aHD30.2b.F377 2025 aFarri, Elisaeauthor92514910aHBR guide to generative AI for managersc/ Elisa Farri and Gabriele Rosani, Capgemini.3 aHarvard business review guide to generative AI for managers30aGenerative AI for managers3 aArtificial intelligence for managers aBoston, MA :bHarvard Business Review Press,c2025. axiv, 262 pages :billustrations ;c23 cm. aHarvard business review guides aIncludes bibliographical references and index. aYou're probably aware that generative AI can output quality text in any style and create stunning images in seconds. But smart managers are using gen AI for much more-business case development, data analysis, strategic exploration, and dozens of other applications. Soon, managers who develop their generative AI capabilities will be leaping ahead of managers who don't. Fortunately, you can start now and see results fast. The HBR Guide to Generative AI for Managers is packed with practical tips, prompts, case studies, and ideas to apply gen AI to dozens of managerial tasks right away and achieve incredible results. It's time for you to develop your gen AI-enabled mindset. This book will show you how. You'll learn how to: Understand key terms and concepts; identify the risks and rewards of generative AI; enhance your productivity; employ gen AI as both a copilot and a co-thinker; use the generative AI platform that best suits your needs; and leverage gen AI for business decisions and leading change. Arm yourself with the advice you need to succeed on the job with the most trusted brand in business. Packed with how-to essentials from leading experts, the HBR Guides provide smart answers to your most pressing work challenges. 0aManagementxTechnological innovations923578 0aBusiness enterprisesxInformation technologyxManagement925150 0aIndustrial management920469 aRosani, Gabrieleeauthor925151 aCap Gemini Sogeti (Firm)esponsoring body925152 2lcc 00102lcc4070aTBSbTBSd2025-04-08l1oHD30.2 FARpB05891r2025-09-17s2025-07-14t1w2025-04-08y1 c4639d4639